000 00691nam a22002057a 4500
005 20220902175626.0
008 220902b |||||||| |||| 00| 0 eng d
020 _a978-969-712-014-7
040 _aBiblioteca Lado V
_cBiblioteca Lado V
050 _a703 K18k
_b002419
082 _a703
_bK18k
110 _aKarachi Biennale
245 _aKB17/
_bKarachi Biennale Catalogue/
260 _aPakistan
_bLe Topical
_c2017
300 _a294p.
_c18x23cm
650 _2Tesauro de Arte & Arquitectura
_aCATALOGO
650 _2Tesauro de Arte & Arquitectura
_aFOTOGRAFIA
650 _2Tesauro de Arte & Arquitectura
_aINGLÉS
942 _2ddc
_c1
_ePrimera edicion
_h703 K18k
_n0
999 _c1927
_d1927